| 000 | 00554cam a2200217 4500 | ||
|---|---|---|---|
| 001 | D9834 | ||
| 008 | 090401t1979 xxu||||| |||| 00| 0 eng d | ||
| 035 | _a(Sirsi) u22773 | ||
| 041 | _aeng | ||
| 050 | _a333.332 | ||
| 100 | _aWiggins, K.P | ||
| 245 | _aPrinciples of valuation | ||
| 260 |
_aReading _bCALUS _c1979 |
||
| 300 | _a86p. 25cm | ||
| 350 | _a0 | ||
| 490 |
_aProperty Valuation Handbook _vA.1 |
||
| 710 |
_aCentre for Advanced Land Use Studies _92934 |
||
| 710 |
_aCollege of Estate Management _9400 |
||
| 942 | _n0 | ||
| 948 | _c04/03/1997 | ||
| 999 |
_c88249 _d88249 |
||